Responses for Show #7153 - Wednesday, October 21, 2015

Contestants

[<< previous game]

Kelly Winck, a grants and development manager from Knoxville, Tennessee

Dennis Golin, a video editor from New York, New York

Robert Arrowood, a former realtor from Provincetown, Massachusetts (whose 1-day cash winnings total $25,500)

[next game >>]

Jeopardy! Round responses

SCRAMBLED 20th CENTURY DECADES
(Alex: Let me give you an example that they have written. If I were to say the clue is, "FIFE SIT", you would say the decade is, "What are the fifties?" Okay?)
"I" OF THE TIBER
NONPROFIT ORGANIZATIONS
ARE YOU GAME?
THE PREAMBLE OF THE CONSTITUTION
HOPE YOU REMEMBER THAT OLD SONG!
    $200 24
the sixties

Dennis
    $200 15
(Robert: What is... Iraq?)

Italy

RobertKelly
    $200 30
Doctors Without Borders

Dennis
    $200 1
Monopoly

Kelly
    $200 2
Union

Kelly
    $200 16
Jack & Diane

Dennis
    $400 11
the forties

Dennis
    $400 29
an island

Dennis
    $400 10
Newtown

Dennis
    $400 8
Grand Theft Auto

Dennis
    $400 3
Liberty

Kelly
    $400 17
getting hot in herre

Robert
    $600 12
the thirties

Kelly
    $600 25
(Kelly: What are aqueducts?)

irrigation

DennisKelly
    $600 9
Audubon

Robert
    $600 21
Chinese checkers

Dennis
    $800 4
(Kelly: What is welfare?)

defence

Kelly
    $600 18
(Dennis: Who is Neil Young?)

George Michael

RobertDennis
    $800 13
the seventies

Dennis
    $800 26
I, Claudius

Triple Stumper
    $800 6
the March of Dimes

Kelly
    $800 22
Destiny

Dennis
    $800 5
Tranquility

Dennis
    $800 19
Hall & Oates

Robert
    $1000 14
the twenties

Kelly
    $1000 28
impermeable

Robert
    $1000 27
Oxfam

Triple Stumper
    $1000 23
bridge

Robert
    $1000 7
(Alex: [To Robert] You got in ahead of Kelly. She's not happy about that.)

Welfare

Robert
    $1000 20
"I'm A Believer"

Dennis

Scores at the first commercial break (after clue 15):

Robert Dennis Kelly
$1,400 $2,800 $2,600

Scores at the end of the Jeopardy! Round:

Robert Dennis Kelly
$5,200 $6,200 $2,000

Double Jeopardy! Round responses

DIRECTORS BY FILM
(Alex: We'll give you the film. You give us the director.)
HISTORIC NAMES
STATE FAIR SITES
HEMINGWAY
BLANK "UM"
(Alex: Responses will end with "U-M".)
VETERINARY MEDICINE
(Jimmy: ...from the school at U.C. Davis, ranked No. 1 in the world for making the same strides in animal health that are being made for humans.)
    $400 1
(Frank) Capra

Robert
    $400 10
Florence Nightingale

Dennis
    $400 15
New Mexico

Dennis
    $400 17
The Old Man and the Sea

Robert
    $400 21
medium

Robert
    $400 27
spaying & neutering

Dennis
    $800 2
Spielberg

Kelly
    $800 9
(Robert: Who is Mao?)

Hirohito

RobertKelly
    $800 11
South Carolina

Dennis
    $800 18
Paris

Robert
    $800 23
an emporium

Triple Stumper
    $2,000 30
a universal donor

Dennis
    $1200 3
(Sergio) Leone

Dennis
    $1200 6
the Montgolfier brothers

Triple Stumper
    $1200 12
Kansas

Robert
    $1200 19
(Kelly: What is A Farewell to Arms?)

For Whom the Bell Tolls

DennisKelly
    $1200 24
opium

Kelly
    $1200 16
(Kelly: What is glaucoma?)

cataracts

RobertKelly
    $1600 4
(Dennis: Who is Ben Affleck?)

(David) Fincher

DennisKelly
    $1600 7
(Dennis: Who's Metternich?)

Grigory Potemkin

Dennis
Triple Stumper
    $1600 14
Washington

Robert
    $3,000 20
(F. Scott) Fitzgerald

Dennis
    $1600 25
a solarium

Robert
    $1600 28
radiation

Dennis
    $2000 5
Frank Darabont

Dennis
    $2000 8
Solon

Dennis
    $2000 13
Vermont

Robert
    $2000 22
"The Snows of Kilimanjaro"

Triple Stumper
    $2000 26
cerium & cesium

Triple Stumper
    $2000 29
the rumen

Triple Stumper

Scores at the end of the Double Jeopardy! Round:

Robert Dennis Kelly
$14,000 $18,000 $4,000

[wagering suggestions for these scores]

Final Jeopardy! Round responses

THE PRIME MERIDIAN
KellyWhat is Algeria?
$4,000
RobertWhat is Angola
$5,999
DennisWhat is Algeria
$13,999
Algeria

Final scores:

Robert Dennis Kelly
$8,001 $31,999 $8,000
2nd place: $2,000 New champion: $31,999 3rd place: $1,000

Game dynamics:

Coryat scores:

Robert Dennis Kelly
$14,000 $15,400 $4,800
16 R,
2 W
24 R
(including 2 DDs),
3 W
11 R,
4 W
(including 1 DD)

Combined Coryat: $34,200

[game clues] [game scores] [suggest correction]

Game tape date: 2015-09-09
The J! Archive is created by fans, for fans. Scraping, republication, monetization, and malicious use prohibited; this site may use cookies and collect identifying information. See terms. The Jeopardy! game show and all elements thereof, including but not limited to copyright and trademark thereto, are the property of Jeopardy Productions, Inc. and are protected under law. This website is not affiliated with, sponsored by, or operated by Jeopardy Productions, Inc. Join the discussion at JBoard.tv.